| 000 | 01064nam a22002657a 4500 | ||
|---|---|---|---|
| 005 | 20140909154825.0 | ||
| 010 | _aENG-110786 | ||
| 020 |
_a9788183875158 _c995.00 |
||
| 035 | _aEN-94318 | ||
| 037 | _bDBAD/PUB | ||
| 082 | _a305.230869420954133 | ||
| 100 | _aMohapatra, Samapika | ||
| 245 |
_aExploring slum children's life- world / _cby Samapika Mohapatra |
||
| 260 |
_aDelhi _bSerials Publications _c2012 |
||
| 270 |
_a4830/24,Prahlad street, Ansari Road ,Darya Ganj _bNew Delhi _e110002 |
||
| 300 |
_ax,256p. : _c23cm(pbk) _b ill., folded map |
||
| 500 | _aFolded map tipped in | ||
| 500 | _a Originally presented as the author’s thesis (Ph. D.)--Jawaharlal Nehru University. | ||
| 500 | _a Includes bibliographical references (p. [241]-256). | ||
| 520 | _aStudy conducted in Bhubaneswar, Orissa, India. | ||
| 650 |
_a Poor children _zIndia _zBhubaneswar _xSocial conditions. |
||
| 650 |
_aPoor children _xEducation _zIndia _zBhubaneswar. |
||
| 650 |
_a Slums _zIndia _zBhubaneswar. |
||
| 942 |
_2ddc _cEN _h305.230869420954133 _mMOH |
||
| 999 |
_c88405 _d88405 |
||